Henry hobson richardson and His works (Record no. 4139)
[ view plain ]
| 000 -LEADER | |
|---|---|
| fixed length control field | 00305nam a2200109Ia 4500 |
| 008 - FIXED-LENGTH DATA ELEMENTS--GENERAL INFORMATION | |
| fixed length control field | 200302s9999 xx 000 0 und d |
| 100 ## - MAIN ENTRY--PERSONAL NAME | |
| Personal name | Mariana Griswold and Others |
| 245 ## - TITLE STATEMENT | |
| Title | Henry hobson richardson and His works |
| 260 ## - PUBLICATION, DISTRIBUTION, ETC. | |
| Name of publisher, distributor, etc. | Dover Publication Inc mineola /New Yark |
| 260 ## - PUBLICATION, DISTRIBUTION, ETC. | |
| Date of publication, distribution, etc. | 1969 |
| 300 ## - PHYSICAL DESCRIPTION | |
| Extent | 152 P., |
| Withdrawn status | Lost status | Source of classification or shelving scheme | Damaged status | Not for loan | Permanent Location | Current Location | Date acquired | Cost, normal purchase price | Full call number | Barcode | Date last seen | Price effective from | Koha item type | Public note | Source of acquisition | Cost, replacement price |
|---|---|---|---|---|---|---|---|---|---|---|---|---|---|---|---|---|
| BMS College of Architecture, Design and Planning | BMS College of Architecture, Design and Planning | 2020-03-03 | 1267.27 | 016.720924VAN | CL-UG69125 | 2020-03-03 | 2020-03-03 | UG Books from CL | S-03 | |||||||
| BMS College of Architecture, Design and Planning | BMS College of Architecture, Design and Planning | 2024-01-16 | 1151.04 | 016.720 0924VAN | AR-UG3636 | 2024-01-16 | 2024-01-16 | UG Books | S-03 | 1 | 1534.72 |